Statistiken für Die 13 Zwerge - Der Hobbit

Klicken Sie hier um das Quiz zu spielen!

Allgemein

  • Dieses Quiz wurde 413 mal gespielt
  • Das Durchschnittsergebnis liegt bei 9 aus 13

Antwortstatistiken

Zwerg% Korrekt
13Thorin
96%
4Fili
87%
3Kili
87%
2Balin
79%
12Bombur
76%
9Gloin
69%
1Dwalin
68%
8Oin
64%
11Bofur
63%
10Bifur
62%
7Ori
52%
6Nori
49%
5Dori
39%

Verteilung der Resultate

Perzentil nach korrekt beantworteten Fragen

Anzahl Personen mit jedem Resultat

Ihre Resultats-Entwicklung

Sie haben dieses Quiz noch nicht gespielt